[Event "WY Boys-U12"]
[Site "Porto Carras GRE"]
[Date "2010.10.21"]
[Round "2.4"]
[White "Korpa, Bence"]
[Black "Savenkov, Konstantin"]
[Result "0-1"]
[WhiteElo "2228"]
[BlackElo "1943"]
[WhiteFideId "706671"]
[BlackFideId "4138600"]
[EventDate "2010.10.20"]

1. e4 e6 2. d4 d5 3. Nc3 Bb4 4. exd5 exd5 5. Bd3 Nc6 6. Ne2 Bg4 7. f3 Bh5 8. O-O
Nge7 9. Nf4 Bg6 10. Nxg6 hxg6 11. a3 Bd6 12. g3 Qd7 13. Nb5 O-O-O 14. Nxd6+ cxd6
15. c3 Nf5 16. Qc2 Nce7 17. g4 Nh6 18. Bf4 Nhg8 19. Rae1 Nf6 20. Re3 Nc6 21.
Rfe1 Rde8 22. Qf2 Nd8 23. Rxe8 Nxe8 24. Bg3 Nf6 25. Kg2 Ne6 26. Qe3 Re8 27. Qd2
Qe7 28. Bb5 Rd8 29. c4 Kb8 30. c5 a6 31. cxd6 Qf8 32. Qa5 Ka7 33. Qa4 Kb6 34. b4
g5 35. Rc1 Rxd6 36. Bxd6 Qxd6 37. Qa5+ Ka7 38. Bf1 Qf4 39. Rc8 Qd2+ 40. Kg1 Qe3+
41. Kh1 Qf2 42. Rc1 Qxf3+ 43. Bg2 Qe3 44. Rf1 Qxd4 45. b5 Nf4 46. Qd8 Ne4 47.
b6+ Qxb6 48. Qxb6+ Kxb6 49. Bxe4 dxe4 50. h4 e3 51. Rb1+ Kc5 52. hxg5 e2 53. Re1
Kd4 54. Kh2 Ke3 55. Kg3 Nd3 0-1

[Event "WY Boys-U12"]
[Site "Porto Carras GRE"]
[Date "2010.10.22"]
[Round "3.6"]
[White "Bellahcene, Bilel"]
[Black "Beerdsen, Thomas"]
[Result "1-0"]
[WhiteElo "2152"]
[BlackElo "1991"]
[WhiteFideId "696358"]
[BlackFideId "1030108"]
[EventDate "2010.10.20"]

1. e4 c5 2. Nf3 d6 3. d4 cxd4 4. Nxd4 Nf6 5. Nc3 a6 6. h3 g6 7. g4 Bg7 8. Bg2
O-O 9. O-O Nfd7 10. a4 Nc6 11. Be3 Nde5 12. b3 b6 13. f4 Nxd4 14. Bxd4 Nc6 15.
Bxg7 Kxg7 16. e5 Bb7 17. exd6 exd6 18. Qd2 Qd7 19. Rad1 Rad8 20. Nd5 b5 21. axb5
axb5 22. Qc3+ f6 23. Nxf6 Rxf6 24. g5 Rf8 25. Rf2 b4 26. Qb2 Qe7 27. c4 Nd8 28.
Re2 Qc7 29. Bxb7 Qc5+ 30. Kh2 Nxb7 31. Rd5 Qc8 32. Re7+ Kg8 33. gxf6 Nc5 34.
Rg7+ Kh8 35. f7 1-0

[Event "WY Boys-U12"]
[Site "Porto Carras GRE"]
[Date "2010.10.30"]
[Round "11.5"]
[White "Mohammad Nubairshah Shaikh"]
[Black "Steinberg, Nitzan"]
[Result "1/2-1/2"]
[WhiteElo "2071"]
[BlackElo "2263"]
[WhiteFideId "5053196"]
[BlackFideId "2801795"]
[EventDate "2010.10.20"]

1. c4 e6 2. Nc3 d5 3. cxd5 exd5 4. d4 Nf6 5. Bg5 Bb4 6. Rc1 O-O 7. e3 Nbd7 8.
Bd3 Re8 9. Ne2 c6 10. O-O h6 11. Bh4 Be7 12. f3 Nf8 13. Qc2 Ne6 14. Bf2 b6 15.
Rcd1 Bb7 16. h3 c5 17. dxc5 bxc5 18. Bc4 Qa5 19. Nxd5 Bxd5 20. Bxd5 Nxd5 21.
Rxd5 Qxa2 22. Nc3 Qa6 23. Rfd1 Rab8 24. Rd7 Rb7 25. Qa4 Qxa4 26. Nxa4 Reb8 27.
Bg3 Rxd7 28. Rxd7 Rb4 29. Rxa7 Bf6 30. Bd6 Bxb2 31. Nxc5 Nxc5 32. Bxc5 Rc4 33.
Bd6 Bc1 34. Ra8+ Kh7 35. e4 Be3+ 36. Kh2 Rc6 37. Ra3 Bd2 38. Bg3 Re6 39. Rd3 Bb4
40. Rb3 Bc5 41. Rc3 Bd4 42. Rc2 Ra6 43. Bf2 Be5+ 44. g3 g5 45. Kg2 Ra1 46. Be3
Re1 47. Bf2 Rd1 48. Re2 Kg6 49. Be3 Bb8 50. Rd2 Re1 51. Bd4 Rc1 52. Rb2 Bc7 53.
Be3 Rc3 54. Bf2 Rc1 55. g4 Be5 56. Ra2 h5 57. gxh5+ Kxh5 58. h4 gxh4 59. Ra5 f6
60. f4 Kg4 61. fxe5 h3+ 62. Kh2 Rc2 63. Kg1 Rc1+ 64. Kh2 Rc2 65. Kg1 Rc1+ 66.
Kh2 Rc2 1/2-1/2